000 00936nmc a2200349 a 4500
003 AR-BaBNM
005 20251128210057.0
008 139019s1972 ||||||||||||||000 | spa||
040 _cAR-BaBNM
100 1 _aAstesano, Eduardo B.
245 1 0 _aNacionalismo histórico o materialismo histórico
260 _aBuenos Aires
_bPleamar
_c1972
300 0 _a232 p.
490 0 _aItinerario americano
504 _aBibliografía para consultar p. 207-232
600 1 4 _aMoro, Tomás
_d1478-1535
600 1 4 _aMarx, Karl
650 4 _aTEORIA POLITICA
650 4 _aTEORIA POLITICA
650 4 _aDOCTRINAS POLITICAS
650 4 _aFILOSOFIA POLITICA
650 4 _aCIENCIAS POLITICAS
650 4 _aSOCIOLOGIA POLITICA
650 4 _aMATERIALISMO HISTORICO
650 4 _aMATERIALISMO
650 4 _aIDEOLOGIAS
650 4 _aNACIONALISMO
650 4 _aECONOMIA
653 0 _aJESUITAS
942 _cBK
998 _cMariana
999 _c13936
_d13936